MARC details
| 000 -CABECERA |
| campo de control de longitud fija |
01136nam a2200289 a 4500 |
| 001 - NÚMERO DE CONTROL |
| campo de control |
000015386 |
| 005 - FECHA Y HORA DE LA ÚLTIMA TRANSACCIÓN |
| campo de control |
20250512093701.0 |
| 008 - DATOS DE LONGITUD FIJA--INFORMACIÓN GENERAL |
| campo de control de longitud fija |
100208s2004 dr 000 0 spa d |
| 020 ## - NÚMERO INTERNACIONAL ESTÁNDAR DEL LIBRO |
| Número Internacional Estándar del Libro |
9993442259 |
| 040 ## - FUENTE DE LA CATALOGACIÓN |
| Centro catalogador/agencia de origen |
DO-SdBNP |
| 082 ## - NÚMERO DE LA CLASIFICACIÓN DECIMAL DEWEY |
| Número de clasificación |
868.5 |
| Número de documento/Ítem |
D598c |
| 049 ## - FONDOS LOCALES (OCLC) |
| Fondos de biblioteca |
BNPD |
| 111 1# - ENTRADA PRINCIPAL--NOMBRE DE CONGRESO/REUNIÓN |
| Nombre de congreso/reunión o jurisdicción como elemento de entrada |
Dirección General de la Feria Internacional del Libro de Santo Domingo |
| 9 (RLIN) |
25373 |
| 245 10 - MENCIÓN DE TÍTULO |
| Título |
Coloquios 2003 / |
| Mención de responsabilidad, etc. |
Armando Almánzar Botello ... [et. al.]. ; presentación Carlos Esteban Deive. |
| 260 ## - PUBLICACIÓN, DISTRIBUCIÓN, ETC. |
| Lugar de publicación, distribución, etc. |
Santo Domingo : |
| Nombre del editor, distribuidor, etc. |
Dirección General de la Feria del Libro, |
| Fecha de publicación, distribución, etc. |
2004. |
| 300 ## - DESCRIPCIÓN FÍSICA |
| Extensión |
279 p. ; |
| Dimensiones |
24 cm. |
| 490 1# - MENCIÓN DE SERIE |
| Mención de serie |
Ediciones Ferilibro |
| 500 ## - NOTA GENERAL |
| Nota general |
Incluye notas al pie de la páginas |
| 504 ## - NOTA DE BIBLIOGRAFÍA, ETC. |
| Nota de bibliografía, etc. |
Incluye referencias bibliográficas ( p. 277- 279) |
| 650 #4 - PUNTO DE ACCESO ADICIONAL DE MATERIA--TÉRMINO DE MATERIA |
| Término de materia o nombre geográfico como elemento de entrada |
Literatura cubana |
| Subdivisión general |
Congresos, conferencias, etc. |
| 9 (RLIN) |
34752 |
| 650 #4 - PUNTO DE ACCESO ADICIONAL DE MATERIA--TÉRMINO DE MATERIA |
| Término de materia o nombre geográfico como elemento de entrada |
Literatura dominicana |
| Subdivisión general |
Congresos, conferencias, etc. |
| 9 (RLIN) |
34753 |
| 650 #4 - PUNTO DE ACCESO ADICIONAL DE MATERIA--TÉRMINO DE MATERIA |
| Término de materia o nombre geográfico como elemento de entrada |
Literatura infantil dominicana |
| 9 (RLIN) |
441 |
| 650 #4 - PUNTO DE ACCESO ADICIONAL DE MATERIA--TÉRMINO DE MATERIA |
| Término de materia o nombre geográfico como elemento de entrada |
Libros |
| Subdivisión general |
Exposiciones |
| 9 (RLIN) |
34754 |
| 700 1# - PUNTO DE ACCESO ADICIONAL--NOMBRE DE PERSONA |
| Nombre de persona |
Almánzar Botello, Armando, |
| Fechas asociadas al nombre |
1956- |
| 9 (RLIN) |
826 |
| 700 1# - PUNTO DE ACCESO ADICIONAL--NOMBRE DE PERSONA |
| Nombre de persona |
Deive, Carlos Esteban, |
| Fechas asociadas al nombre |
1935-2019 |
| 9 (RLIN) |
1916 |
| 830 #0 - PUNTO DE ACCESO ADICIONAL DE SERIE-TÍTULO UNIFORME |
| Título uniforme |
Ediciones Ferilibro |
| 9 (RLIN) |
150 |